Rolex surnoms partie 2 - Statistiques

Statistiques générales
  • Ce quiz a été pris 32 fois
  • Le résultat moyen est 5 sur 16
Statistiques - réponses
Par images Réponse % Correct
Pepsi
100%
Batman
83%
Panda
79%
Sprite
46%
Wimbledon
46%
Root Beer
42%
Coke
29%
President
25%
James Bond
17%
Big Red
13%
Bluesy
8%
Platona
8%
Polar Explorer
4%
Steve Mcqueen
4%
Strabucks
4%
Stella
0%
Aucun quiz correspondant
Distribution des résultats
% des personnes avec chaque résultat
Percentile par nombre de réponses
Votre historique - résultats
Vous n’avez pas pris ce quiz